Wszystkie przystanki tramwajowe w Poznaniu - Statystyki

Ogólne statystyki
  • Ten quiz został rozwiązany 274 razy
  • Średni wynik to 72 z 133
Statystyki odpowiedzi
Odpowiedź % Poprawnych
Rondo Rataje
88%
Poznań Główny
87%
Rondo Środka
85%
AWF
84%
Ogrody
84%
Franowo
83%
Most Teatralny
83%
Junikowo
82%
Półwiejska
81%
Rondo Kaponiera
81%
Głogowska/Hetmańska
79%
Dworzec Zachodni
77%
Kórnicka
76%
Wierzbięcice
75%
Lechicka/Naramowicka
74%
Miłostowo
73%
Os. Sobieskiego
73%
Rondo Nowaka-Jeziorańskiego
73%
Rondo Starołęka
73%
Park Wilsona
71%
Rynek Jeżycki
70%
Rynek Wildecki
70%
Żegrze I
70%
Żegrze II
70%
Bałtyk
69%
Żegrze III
69%
Błażeja
68%
Górczyn PKM
67%
Małe Garbary
67%
Rynek Łazarski
67%
Serafitek
67%
Dębiec PKM
66%
Słowiańska
65%
Zawady
65%
Aleje Solidarności
64%
Os. Lecha
64%
Piątkowska
64%
Plac Wielkopolski
64%
Starołęka PKM
63%
Os. Czecha
62%
Traugutta
62%
Arena
61%
Matejki
61%
Połabska
61%
Politechnika
61%
Arciszewskiego
60%
Armii Poznań
60%
Budziszyńska
60%
Poznańska
60%
Szwedzka
60%
Unii Lubelskiej
59%
Baraniaka
58%
Fredry
58%
Piaśnicka/Kurlandzka
58%
Rondo Żegrze
58%
Stadion Miejski
58%
Wrocławska
58%
Żeromskiego
58%
Wilczak
57%
HCP
55%
Katedra
55%
Most Św. Rocha
55%
Wielkopolska
55%
Plac Bernardyński
54%
Szwajcarska
54%
Bukowska
52%
Kolejowa
52%
Kurpińskiego
52%
Polna
52%
Szymanowskiego
52%
Płac Ratajskiego
51%
Rolna
51%
Uniwersytet Przyrodniczy
51%
Hetmańska Wiadukt
50%
Sielska
50%
Grochowska
49%
Gwarna
49%
Rondo Solidarności
49%
Zamek
49%
Krauthofera
48%
Os. Rzeczypospolitej
47%
Różana
47%
Stare Zoo
47%
Bonin
45%
Lechicka Poznań Plaza
45%
Naramowice
45%
Ostroroga
45%
Pamiątkowa
45%
Polanka
45%
Ratajczaka
45%
Serbska
45%
Sołacz
45%
Starołęka Mała
45%
Termalna
45%
Wioślarska
45%
Żniwna
45%
Cmentarna
44%
Os. Piastowskie
44%
Marcinkowskiego
43%
Św. Czesława
43%
Klin
42%
Nad Wierzbakiem
42%
Pasieka
42%
Piaśnicka Rynek
42%
Węgorka
42%
Plac Wolności
41%
Rondo Skubiszewskiego
40%
Wojskowa
40%
Drzewieckiego
39%
Kosińskiego
39%
Murawa
39%
Os. Pod Lipami
39%
Plac Wiosny Ludów
39%
Św. Michała
38%
Łąkowa
37%
Kraszewskiego
36%
Os. Tysiąclecia
36%
Bystra
34%
Lutycka Szpital
34%
Os. Winiary
34%
Jasna Rola
33%
Krańcowa
33%
Wspólna
33%
Św. Leonarda
31%
Mogileńska
30%
Os. Łokietka
28%
Grotkowska
27%
Kmieca
27%
Towarowa
27%
Przełajowa
25%
Włodarska
25%
Łomżyńska
22%
Wagrowska
20%
Nie znaleziono quizów pasujących do podanych kryteriów
Rozkład punktacji
Procent ludzi z każdym wynikiem
Percentyl według liczby udzielonych odpowiedzi
Twoja historia wyników
Nie rozwiązałeś tego quizu